| 000 | 00717nam a22002297a 4500 | ||
|---|---|---|---|
| 003 | DO-SdBNP | ||
| 005 | 20171205085800.0 | ||
| 008 | 171121b 2001 sp ||||| |||| 00| 0 spa d | ||
| 040 |
_aBPMSU _bspa _cBPMSU |
||
| 092 |
_axxxx _bxxxx |
||
| 100 | 1 | _aSagan, Carl | |
| 245 | 1 | 2 |
_aContact / _cCarl Sagan ; traducción, Raquel Albornoz |
| 260 |
_aBarcelona : _bPlaneta, _c2001. |
||
| 300 |
_a355 p. ; _c19 cm. |
||
| 490 | 1 | _aObras maestras de la ciencia ficción | |
| 500 | _aEdición especial para QUO | ||
| 700 | 1 | 2 |
_aAlbornoz, Raquel, _etr. |
| 830 | 0 | _aObras maestras de la ciencia ficción | |
| 942 |
_2ddc _cBK |
||
| 945 | _ainventariado extranjero / DG | ||
| 956 |
_aLOPEREZ _b10 _c20171121 _h0041 _iBPMSU |
||
| 999 |
_c12976 _d12976 |
||